Оценка влияния магнитной обработки на реологические свойства водонефтяной эмульсии; Проблемы геологии и освоения недр; Т. 2

Xehetasun bibliografikoak
Parent link:Проблемы геологии и освоения недр=Problems of Geology and Subsurface Development: труды XXVI Международного симпозиума имени академика М. А. Усова студентов и молодых учёных, посвященный 90-летию со дня рождения Н. М. Рассказова, 120-летию со дня рождения Л. Л. Халфина, 50-летию научных молодежных конференций имени академика М. А. Усова, Томск, 4-8 апреля 2022 г./ Национальный исследовательский Томский политехнический университет, Инженерная школа природных ресурсов ; гл. ред. А. С. Боев ; под ред. Е. Ю. Пасечник.— , 2022
Т. 2.— 2022.— [С. 174-175]
Egile nagusia: Чайкина Я. И.
Erakunde egilea: Национальный исследовательский Томский политехнический университет Инженерная школа природных ресурсов Отделение химической инженерии
Beste egile batzuk: Бешагина Е. В. Евгения Владимировна (научный руководитель)
Gaia:Заглавие с экрана
Hizkuntza:errusiera
Argitaratua: 2022
Saila:Химическая технология подготовки и переработки углеводородных ресурсов
Gaiak:
Sarrera elektronikoa:http://earchive.tpu.ru/handle/11683/74034
Formatua: Baliabide elektronikoa Liburu kapitulua
KOHA link:https://koha.lib.tpu.ru/cgi-bin/koha/opac-detail.pl?biblionumber=635090

MARC

LEADER 00000naa2a2200000 4500
001 635090
005 20231101133838.0
035 |a (RuTPU)RU\TPU\conf\36936 
035 |a RU\TPU\conf\36933 
090 |a 635090 
100 |a 20221117d2022 k y0rusy50 ca 
101 0 |a rus 
102 |a RU 
105 |a y z 100zy 
135 |a drcn ---uucaa 
181 0 |a i  
182 0 |a b 
200 1 |a Оценка влияния магнитной обработки на реологические свойства водонефтяной эмульсии  |f Я. И. Чайкина  |g науч. рук. Е. В. Бешагина 
203 |a Текст  |c электронный 
225 1 |a Химическая технология подготовки и переработки углеводородных ресурсов 
230 |a 1 компьютерный файл (pdf; 949 Kb) 
300 |a Заглавие с экрана 
320 |a [Библиогр.: с. 175 (6 назв.)] 
461 1 |0 (RuTPU)RU\TPU\conf\36761  |t Проблемы геологии и освоения недр  |l Problems of Geology and Subsurface Development  |o труды XXVI Международного симпозиума имени академика М. А. Усова студентов и молодых учёных, посвященный 90-летию со дня рождения Н. М. Рассказова, 120-летию со дня рождения Л. Л. Халфина, 50-летию научных молодежных конференций имени академика М. А. Усова, Томск, 4-8 апреля 2022 г.  |o в 2 т.  |f Национальный исследовательский Томский политехнический университет, Инженерная школа природных ресурсов ; гл. ред. А. С. Боев ; под ред. Е. Ю. Пасечник  |d 2022 
463 1 |0 (RuTPU)RU\TPU\conf\36763  |t Т. 2  |v [С. 174-175]  |d 2022 
610 1 |a труды учёных ТПУ 
610 1 |a электронный ресурс 
610 1 |a магнитная обработка 
610 1 |a реологические свойства 
610 1 |a водонефтяные эмульсии 
610 1 |a обводненность 
610 1 |a нефтяные залежи 
700 1 |a Чайкина  |b Я. И. 
702 1 |a Бешагина  |b Е. В.  |c химик-технолог  |c доцент Томского политехнического университета, кандидат химических наук  |f 1983-  |g Евгения Владимировна  |2 stltpush  |4 727 
712 0 2 |a Национальный исследовательский Томский политехнический университет  |b Инженерная школа природных ресурсов  |b Отделение химической инженерии  |h 8085  |2 stltpush  |3 (RuTPU)RU\TPU\col\23513 
801 2 |a RU  |b 63413507  |c 20221205  |g RCR 
856 4 |u http://earchive.tpu.ru/handle/11683/74034 
942 |c BK